000
00319nam a22001337a 4500
008
170609b xxu||||| |||| 00| 0 eng d
020
_a
2900205408008
041
_a
eng
080
_2
3RD
_a
321
100
_a
19
101
_a
SHP
245
_a
ORGANIZATIONAL COMMUNICATION FOR SURVIVAL
_c
RICHMOND,V.P
942
_2
udc
_c
BK
999
_c
16768
_d
16768